Estatísticas para Países com Mais Falantes de Italiano

Clique aqui para jogar o quiz

Estatísticas Gerais

  • Esse quiz foi jogado 4 823 vezes
  • A pontuação média é 8 de 12

Estatísticas das Respostas

# Falantes%País% Correto
58.2 mi98%Itália
100%
4.05 mi2.1%Brasil
85%
3.23 mi5.1%França
85%
3.28 mi1.2%Estados Unidos
82%
1.13 mi2.4%Espanha
81%
2.53 mi3.2%Alemanha
78%
1.28 mi15.5%Suíça
76%
1.36 mi3.5%Argentina
65%
1.34 mi2.1%Reino Unido
62%
790 k9.4%Áustria
58%
799 k28%Albânia
26%
1.49 mi7.4%Romênia
25%

Distribuição das Pontuações

Percentil de Números Respondidos

Porcentagem de Pessoas com Cada Pontuação

Sua Pontuação Histórica

Você não jogou esse quiz